| 000 | 00592nam a22002057a 4500 | ||
|---|---|---|---|
| 003 | DO-SdBNP | ||
| 005 | 20210820142126.0 | ||
| 007 | ta | ||
| 008 | 210820e2018 dr a|||gr|||| 001 p spa d | ||
| 020 | _a9789945091922 | ||
| 040 |
_aDO-SdBNP _bspa _cBNPHU |
||
| 041 | _hspa | ||
| 082 | _bA719L | ||
| 100 | 1 |
_aLuisa V. Arjona J. _979508 |
|
| 245 | 1 | 3 |
_aLenguaje musical: _bCurso de iniciaciación. cuaderno de trabajo / _cLuisa Arjona |
| 260 |
_aSanto Domingo : _bMinisterio de Cultura, _bPEMART, _c2018 |
||
| 300 |
_a63 p.: _bil.; _c26 cm |
||
| 590 | _aInventariado 2021 / MF | ||
| 942 |
_2ddc _cLBS1 |
||
| 999 |
_c50233 _d50233 |
||